Luke's Music General Knowledge Quiz #2 - Statistics

General Stats
  • This quiz has been taken 67 times
  • The average score is 9 of 20
Answer Stats
Hint Answer % Correct
What Rap artist is named after frozen ice blocks? Ice Cube
84%
What instrument comes from Scotland? Bagpipes
74%
What "club" are Amy Winehouse, Kurt Cobain, Jim Morrison and Janis Joplin part of? 27 Club
72%
Who smokes more Willie Nelson or Snoop Dogg? Willie
72%
Which Rap artist has an album called "The Life Of Pablo"? Kanye West
66%
What legendary Pop/Rock group got their name from "Brothers Gibb"? Bee Gees
57%
Name the instrument: "Hey Mr. __________ Man, play a song for me." Tambourine
53%
What is the lowest pitched brass instrument? Tuba
53%
What Rock band sang "Black Hole Sun"? Soundgarden
50%
When year did The Doors release "Morrison Hotel"? 1970
45%
How many keys are on the typical Piano? 88
45%
What famous Country artist has a theme park named after them? Dolly Parton
45%
What country was Freddie Mercury born in? Tanzania
40%
What state are the Killers from? Nevada
33%
What other famous singer is a cousin to Whitney Houston? Dionne Warwick
19%
Who sang with Marvin Gaye in "Ain't No Mountain High Enough"? Tammi Terrell
17%
Name this song: "Coast to coast LA to Chicago, western male. Across the north and south to Key Largo, love for sale." Smooth Operator - Sade
16%
What bands parents were members of The Mamas and the Papas and The Beach Boys? Wilson Philips
12%
Miranda Lambert married which fellow Country Music star in 2011? Blake Shelton
9%
What instrument is also a type of chip? Bugle
3%
No matching quizzes found
Score Distribution
Percent of People with Each Score
Percentile by Number Answered
Your Score History
You have not taken this quiz